Biblioteca y Centro de Documentación

La investigación universitaria en economía social en España (Registro nro. 17836)

Detalles MARC
000 -CABECERA
Longitud fija campo de control 01687nam a2200409 c 4500
001 - NÚMERO DE CONTROL
Número de control 17836
003 - IDENTIFICADOR DE NÚMERO DE CONTROL
Identificador del número de control ES-MaCES
005 - FECHA Y HORA DE LA ÚLTIMA TRANSACCIÓN
Fecha y hora de la última transacción 20141221122515.0
008 - CAMPO FIJO DE DESCRIPCIÓN FIJA--INFORMACIÓN GENERAL
Códigos de información de longitud fija   050729s2004 sp d t 000 | spa d
017 ## - NÚMERO DE REGISTRO DE DERECHOS DE AUTOR Y DEPÓSITO LEGAL
Número de copyright o de depósito legal V 3886-2004
Agencia que asigna el número DL
020 ## - ISBN (INTERNATIONAL STANDARD BOOK NUMBER)
Número Internacional Normalizado para Libros (ISBN) 843700134X
035 ## - NÚMERO DE CONTROL DEL SISTEMA
Número de control del sistema CES20050008334m
040 ## - FUENTE DE CATALOGACIÓN
Centro catalogador de origen ES-MaCES
Lengua de catalogación spa
Centro transcriptor ES-MaCES
100 1# - ENCABEZAMIENTO PRINCIPAL--NOMBRE PERSONAL
Nombre de persona Chaves, Rafael
9 (RLIN) 9532
245 13 - MENCIÓN DE TÍTULO
Título La investigación universitaria en economía social en España
Resto del título : tres decenios de actividad científica vistos a través de las Tesis Doctorales
Mención de responsabilidad, etc. Rafael Chaves, José Luis Monzón y Antonia Sajardo
260 ## - PUBLICACIÓN, DISTRIBUCIÓN, ETC (PIE DE IMPRENTA)
Lugar de publicación, distribución, etc. Valencia
Nombre del editor, distribuidor, etc. IUDESCOOP, Instituto Universitario de Economía Social y Cooperativa de la Universidad de Valencia
-- CIRIEC España, Centro Internacional de Investigación e Información sobre la Economía Pública, Social y Cooperativa
Fecha de publicación, distribución, etc. 2004
300 ## - DESCRIPCIÓN FÍSICA
Extensión 262 p.
Dimensiones 24 cm
500 ## - NOTA GENERAL
Nota general El catálogo incluye descriptores y resumen de las Tesis doctorales
500 ## - NOTA GENERAL
Nota general En la cub.: 1
541 ## - NOTA DE LA FUENTE INMEDIANTE DE ADQUISICIÓN
Forma de adquisición Gratuito
650 #4 - ASIENTO SECUNDARIO DE MATERIA--TÉRMINO DE MATERIA
Término de materia o nombre geográfico como elemento inicial economía social
9 (RLIN) 30379
650 #4 - ASIENTO SECUNDARIO DE MATERIA--TÉRMINO DE MATERIA
Término de materia o nombre geográfico como elemento inicial cooperativa
9 (RLIN) 27136
650 #4 - ASIENTO SECUNDARIO DE MATERIA--TÉRMINO DE MATERIA
Término de materia o nombre geográfico como elemento inicial organización sin fines de lucro
9 (RLIN) 27312
650 #4 - ASIENTO SECUNDARIO DE MATERIA--TÉRMINO DE MATERIA
Término de materia o nombre geográfico como elemento inicial investigación económica
9 (RLIN) 27075
650 #4 - ASIENTO SECUNDARIO DE MATERIA--TÉRMINO DE MATERIA
Término de materia o nombre geográfico como elemento inicial tesis
9 (RLIN) 28995
650 #4 - ASIENTO SECUNDARIO DE MATERIA--TÉRMINO DE MATERIA
Término de materia o nombre geográfico como elemento inicial España
9 (RLIN) 26964
650 #4 - ASIENTO SECUNDARIO DE MATERIA--TÉRMINO DE MATERIA
Término de materia o nombre geográfico como elemento inicial 1976-2002
9 (RLIN) 31702
650 #4 - ASIENTO SECUNDARIO DE MATERIA--TÉRMINO DE MATERIA
Término de materia o nombre geográfico como elemento inicial catálogo
9 (RLIN) 28970
653 10 - TÉRMINO DE INDEXACIÓN--NO CONTROLADO
Término no controlado Bibliografías
700 1# - ENCABEZAMIENTO SECUNDARIO--NOMBRE PERSONAL
Nombre de persona Monzón Campos, José Luis
9 (RLIN) 18951
700 1# - ENCABEZAMIENTO SECUNDARIO--NOMBRE PERSONAL
Nombre de persona Sajardo Moreno, Antonia
9 (RLIN) 23035
710 2# - ENCABEZAMIENTO SECUNDARIO--NOMBRE CORPORATIVO
Nombre de entidad o nombre de jurisdicción como elemento inicial Universidad de Valencia
Unidad subordinada Instituto Universitario de Economía Social y Cooperativa
Término indicativo de función ed.
9 (RLIN) 5344
710 2# - ENCABEZAMIENTO SECUNDARIO--NOMBRE CORPORATIVO
Nombre de entidad o nombre de jurisdicción como elemento inicial CIRIEC. Sección Española
9 (RLIN) 1964
902 ## - CES. TIPO DE DOCUMENTO
Tipodoc (006$c Sirtex) LIB Libro
942 ## - ELEMENTOS KOHA
Fuente de clasificaión o esquema Clasificación propia del CES
Koha [por defecto] tipo de item Monografías
Parte de clasificación 9.0.
Existencias
Número de registro Signatura completa Tipo de item de Koha
061602 DPT-12406 Monografías
© CES, Consejo Económico y Social de España 2021